01039pam a2200289 a 45000010008000000030005000080050017000130080041000300100017000710200015000880380013001030400018001160500021001340820020001551000028001752450075002032500034002782600032003123000057003444400055004015000020004566500028004766500029005047000023005338560104005568560089006601559668NUST20190822091203.0920429s1993 maua 001 0 eng  a 92017344  a0534931588 aM.Ramzan aDLCcDLCdDLC00aQA371b.Z55 199300a515.35220bZIL1 aZill, Dennis G.,d1940-10aDifferential equations with boundary-value problems /cDennis G. Zill. a3rd ed. /bMichael R. Cullen. aBoston :bPWS-KENT,cc1993. a1 v. (various pagings) :bill. (some col.) ;c24 cm. 4aThe Prindle, Weber & Schmidt series in mathematics aIncludes index. 0aDifferential equations. 0aBoundary value problems.1 aCullen, Michael R.423Contributor biographical informationuhttp://www.loc.gov/catdir/enhancements/fy1515/92017344-b.html423Publisher descriptionuhttp://www.loc.gov/catdir/enhancements/fy1515/92017344-d.html